Monetary harmonization in southern Africa / (Record no. 2365)

MARC details
000 -LEADER
fixed length control field 00974nam a2200313 a 4500
001 - CONTROL NUMBER
control field 688289
003 - CONTROL NUMBER IDENTIFIER
control field OSt
005 - DATE AND TIME OF LATEST TRANSACTION
control field 20230622153418.0
008 - FIXED-LENGTH DATA ELEMENTS--GENERAL INFORMATION
fixed length control field 950323s1994 ke b 000 0 eng
010 ## - LIBRARY OF CONGRESS CONTROL NUMBER
LC control number 95983488
020 ## - INTERNATIONAL STANDARD BOOK NUMBER
International Standard Book Number 9966900179
040 ## - CATALOGING SOURCE
Original cataloging agency DLC
Transcribing agency DLC
042 ## - AUTHENTICATION CODE
Authentication code lcode
043 ## - GEOGRAPHIC AREA CODE
Geographic area code fs-----
082 ## - DEWEY DECIMAL CLASSIFICATION NUMBER
Classification number 330
Item number CHI
100 1# - MAIN ENTRY--PERSONAL NAME
Personal name Chipeta, C.
245 10 - TITLE STATEMENT
Title Monetary harmonization in southern Africa /
Statement of responsibility, etc. C. Chipeta and M.L.C. Mkandawire.
260 ## - PUBLICATION, DISTRIBUTION, ETC. (IMPRINT)
Place of publication, distribution, etc. Nairobi :
Name of publisher, distributor, etc. African Economic Research Consortium,
Date of publication, distribution, etc. c1994.
300 ## - PHYSICAL DESCRIPTION
Extent 49 p. ;
Dimensions 25 cm.
440 #0 - SERIES STATEMENT/ADDED ENTRY--TITLE
Title AERC research paper ;
Volume/sequential designation 30
500 ## - GENERAL NOTE
General note "November 1994."
504 ## - BIBLIOGRAPHY, ETC. NOTE
Bibliography, etc Includes bibliographical references (p. [48]-49).
650 #0 - SUBJECT ADDED ENTRY--TOPICAL TERM
Topical term or geographic name as entry element Rand area.
650 #0 - SUBJECT ADDED ENTRY--TOPICAL TERM
Topical term or geographic name as entry element Monetary unions
Geographic subdivision Africa, Southern.
700 1# - ADDED ENTRY--PERSONAL NAME
Personal name Mkandawire, M. L. C.
906 ## - LOCAL DATA ELEMENT F, LDF (RLIN)
a 7
b cbc
c origode
d 3
e ncip
f 19
g y-gencatlg
942 ## - ADDED ENTRY ELEMENTS (KOHA)
Source of classification or shelving scheme Dewey Decimal Classification
Koha item type Books
Holdings
Withdrawn status Lost status Source of classification or shelving scheme Damaged status Not for loan Home library Current library Date acquired Total Checkouts Full call number Barcode Date last seen Price effective from Koha item type
    Dewey Decimal Classification     County Hall Archives County Hall Archives 06/22/2023   330 CHI 10009716 06/22/2023 06/22/2023 Books
LIBRARY OPENING HOURS

When the Parliament is sitting: 8.00a.m - 7.00p.m or until the house adjourns
Mondays and Fridays and when the House is on Recess:  8.00a.m - 5.00p.m
Closed on Weekends and Public Holidays

Online Public Access Catalog (OPAC)
Website: http://www.parliament.go.ke
Bunge Library: https://libraryir.parliament.go.ke
Contact: library@parliament.go.ke | Tel no: (254-2)2221291 or 2848000 Ext 5043